Luisa la elefanta / (Registro nro. 12591)

Detalles MARC
000 -LEADER
fixed length control field 00600nam a22002057a 4500
003 - CONTROL NUMBER IDENTIFIER
control field DO-SdBNP
005 - DATE AND TIME OF LATEST TRANSACTION
control field 20170714145256.0
008 - FIXED-LENGTH DATA ELEMENTS--GENERAL INFORMATION
fixed length control field 170714b2005 ch| 00| 0 spa d
020 ## - INTERNATIONAL STANDARD BOOK NUMBER
International Standard Book Number 846750434X
040 ## - CATALOGING SOURCE
Original cataloging agency BPMSU
Language of cataloging spa
Transcribing agency BPMSU
100 ## - MAIN ENTRY--PERSONAL NAME
Personal name Egan, Vicky
245 ## - TITLE STATEMENT
Title Luisa la elefanta /
Statement of responsibility, etc. Vicky Egan ;Traducción Marisa Rodríguez; ilustración Daniela de Luca
260 ## - PUBLICATION, DISTRIBUTION, ETC. (IMPRINT)
Place of publication, distribution, etc. China :
Name of publisher, distributor, etc. Edicones SM
Date of publication, distribution, etc. 2005
300 ## - PHYSICAL DESCRIPTION
Extent 27 p. :
Other physical details il. ;
Dimensions 23 cm.
490 ## - SERIES STATEMENT
Series statement Cuentos para aprencer
700 ## - ADDED ENTRY--PERSONAL NAME
Relator code
830 ## - SERIES ADDED ENTRY--UNIFORM TITLE
Uniform title Cuentos para aprencer
942 ## - ADDED ENTRY ELEMENTS (KOHA)
Source of classification or shelving scheme Dewey Decimal Classification
Koha item type Libros
956 ## - LOCAL ELECTRONIC LOCATION AND ACCESS (OCLC)
Host name VMATEO
Access number 10
Compression information 20170714
Path BPMSU
Electronic name 0069
Existencias
Withdrawn status Lost status Source of classification or shelving scheme Damaged status Not for loan Collection code Home library Current library Date acquired Total Checkouts Barcode Date last seen Price effective from Koha item type
    Dewey Decimal Classification     Colección Infantil General Biblioteca Pública Metropolitana Salomé Ureña Biblioteca Pública Metropolitana Salomé Ureña 07/14/2017   BPMET17070022 07/14/2017 07/14/2017 Libros